[Event "Irena Warakomska Memorial A"]
[Site "Suwalki"]
[Date "2018.08.08"]
[Round "9"]
[White "Shtembuliak, Evgeny"]
[Black "Lewtak, Damian"]
[Result "0-1"]
[Board "14"]
[WhiteElo "2517"]
[WhiteTitle "IM"]
[WhiteCountry "UKR"]
[WhiteFideId "14113325"]
[WhiteEloChange "-7"]
[BlackElo "2358"]
[BlackCountry "POL"]
[BlackFideId "1141724"]
[BlackEloChange "14"]

1. c4 {[%clk 1:30:58]} Nf6 {[%clk 1:30:39]} 2. Nc3 {[%clk 1:31:23]} g6 {[%clk
1:31:03]} 3. Nf3 {[%clk 1:30:49]} Bg7 {[%clk 1:31:25]} 4. g3 {[%clk 1:31:15]} O-O
{[%clk 1:31:42]} 5. Bg2 {[%clk 1:31:42]} d6 {[%clk 1:32:07]} 6. d4 {[%clk
1:32:09]} Nc6 {[%clk 1:31:52]} 7. O-O {[%clk 1:32:33]} a6 {[%clk 1:31:55]} 8. Bf4
{[%clk 1:32:58]} Bd7 {[%clk 1:30:13]} 9. Rc1 {[%clk 1:30:23]} b5 {[%clk 1:20:23]}
10. b3 {[%clk 1:28:31]} Rb8 {[%clk 1:18:29]} 11. d5 {[%clk 1:23:21]} Na5 {[%clk
1:18:25]} 12. c5 {[%clk 1:23:45]} dxc5 {[%clk 1:16:57]} 13. Ne5 {[%clk 1:23:43]}
Qc8 {[%clk 1:01:24]} 14. Qd2 {[%clk 1:04:37]} Bh3 {[%clk 1:00:49]} 15. Nd1 {[%clk
1:00:58]} Bxg2 {[%clk 1:00:11]} 16. Kxg2 {[%clk 1:01:21]} b4 {[%clk 1:00:36]} 17.
Qd3 {[%clk 0:40:20]} Rb5 {[%clk 0:57:43]} 18. Qf3 {[%clk 0:38:56]} Nxd5 {[%clk
0:48:48]} 19. Qxd5 {[%clk 0:38:43]} c4 {[%clk 0:49:11]} 20. Qe4 {[%clk 0:37:53]}
cxb3 {[%clk 0:48:57]} 21. axb3 {[%clk 0:36:19]} Qe6 {[%clk 0:49:12]} 22. Rxc7
{[%clk 0:36:08]} Bxe5 {[%clk 0:49:33]} 23. Bxe5 {[%clk 0:36:02]} Qxe5 {[%clk
0:49:45]} 24. Qxe5 {[%clk 0:35:40]} Rxe5 {[%clk 0:50:07]} 25. Ne3 {[%clk
0:36:07]} Rd8 {[%clk 0:44:30]} 26. Rb1 {[%clk 0:30:38]} Rd2 {[%clk 0:44:50]} 27.
Kf1 {[%clk 0:31:06]} Re6 {[%clk 0:42:38]} 28. Rc8+ {[%clk 0:22:59]} Kg7 {[%clk
0:43:02]} 29. Rb8 {[%clk 0:23:26]} Nc6 {[%clk 0:40:45]} 30. Rb6 {[%clk 0:23:46]}
a5 {[%clk 0:39:42]} 31. Nc4 {[%clk 0:24:01]} Rc2 {[%clk 0:38:17]} 32. Ne3 {[%clk
0:22:44]} Rc3 {[%clk 0:36:43]} 33. Nd5 {[%clk 0:22:18]} Rc5 {[%clk 0:36:35]} 34.
Nf4 {[%clk 0:22:11]} Rd6 {[%clk 0:36:23]} 35. Rb2 {[%clk 0:22:12]} Nd4 {[%clk
0:31:53]} 36. Rxd6 {[%clk 0:21:59]} Rc1+ {[%clk 0:30:39]} 37. Kg2 {[%clk
0:22:24]} exd6 {[%clk 0:31:06]} 38. e3 {[%clk 0:22:36]} Rc2 {[%clk 0:26:20]} 39.
Rb1 {[%clk 0:22:41]} Nb5 {[%clk 0:25:11]} 40. Ra1 {[%clk 0:51:44]} Na3 {[%clk
0:54:31]} 41. Rd1 {[%clk 0:50:59]} Rc3 {[%clk 0:53:46]} 42. Rd5 {[%clk 0:51:04]}
Rxb3 {[%clk 0:26:08]} 43. Rxa5 {[%clk 0:51:24]} Rb1 {[%clk 0:26:15]} 44. g4
{[%clk 0:35:13]} Nc4 {[%clk 0:23:24]} 45. Ra4 {[%clk 0:26:57]} Ne5 {[%clk
0:23:24]} 46. g5 {[%clk 0:35:35]} h6 {[%clk 0:23:46]} 47. h4 {[%clk 0:35:54]}
hxg5 {[%clk 0:22:43]} 48. hxg5 {[%clk 0:35:58]} b3 {[%clk 0:21:45]} 49. Rb4
{[%clk 0:36:00]} b2 {[%clk 0:20:55]} 50. Rb8 {[%clk 0:36:09]} f5 {[%clk 0:18:56]}
51. gxf6+ {[%clk 0:23:42]} Kxf6 {[%clk 0:19:20]} 52. e4 {[%clk 0:22:48]} Kf7
{[%clk 0:17:05]} 53. Rb3 {[%clk 0:11:25]} g5 {[%clk 0:16:53]} 54. Nd5 {[%clk
0:11:46]} Nd3 {[%clk 0:16:56]} 55. Rxd3 {[%clk 0:10:52]} Rg1+ {[%clk 0:17:18]}
0-1

[Event "Irena Warakomska Memorial A"]
[Site "Suwalki"]
[Date "2018.08.08"]
[Round "9"]
[White "Roy, Prantik"]
[Black "Ulybin, Mikhail"]
[Result "1-0"]
[Board "16"]
[WhiteElo "2347"]
[WhiteTitle "IM"]
[WhiteCountry "IND"]
[WhiteFideId "5035120"]
[WhiteEloChange "14"]
[BlackElo "2512"]
[BlackTitle "GM"]
[BlackCountry "RUS"]
[BlackFideId "4101405"]
[BlackEloChange "-7"]

1. d4 {[%clk 1:30:30]} e6 {[%clk 1:25:34]} 2. Bf4 {[%clk 1:30:50]} c5 {[%clk
1:22:14]} 3. e3 {[%clk 1:29:55]} Qb6 {[%clk 1:20:18]} 4. Nc3 {[%clk 1:28:27]} Nf6
{[%clk 1:17:25]} 5. Rb1 {[%clk 1:21:25]} cxd4 {[%clk 1:06:26]} 6. exd4 {[%clk
1:21:34]} Be7 {[%clk 1:04:57]} 7. Nf3 {[%clk 1:20:58]} O-O {[%clk 1:03:41]} 8.
Bd3 {[%clk 1:20:13]} d6 {[%clk 1:02:18]} 9. O-O {[%clk 1:19:43]} Bd7 {[%clk
1:00:15]} 10. Re1 {[%clk 1:12:19]} Re8 {[%clk 0:55:17]} 11. Ne4 {[%clk 1:00:47]}
Nxe4 {[%clk 0:42:44]} 12. Bxe4 {[%clk 1:00:55]} d5 {[%clk 0:41:49]} 13. Bxh7+
{[%clk 0:54:17]} Kxh7 {[%clk 0:41:07]} 14. Ne5 {[%clk 0:53:52]} g6 {[%clk
0:14:30]} 15. Qg4 {[%clk 0:36:12]} Kg7 {[%clk 0:06:53]} 16. Bh6+ {[%clk 0:35:57]}
Kxh6 {[%clk 0:05:14]} 17. Qf4+ {[%clk 0:36:15]} 1-0

[Event "Irena Warakomska Memorial A"]
[Site "Suwalki"]
[Date "2018.08.08"]
[Round "9"]
[White "Kyc, Jerzy"]
[Black "Socko, Monika"]
[Result "1/2-1/2"]
[Board "17"]
[WhiteElo "2269"]
[WhiteCountry "POL"]
[WhiteFideId "1163922"]
[WhiteEloChange "5"]
[BlackElo "2464"]
[BlackTitle "GM"]
[BlackCountry "POL"]
[BlackFideId "1106619"]
[BlackEloChange "-3"]

1. e4 {[%clk 1:30:50]} c5 {[%clk 1:30:51]} 2. Nf3 {[%clk 1:31:16]} Nc6 {[%clk
1:31:16]} 3. d4 {[%clk 1:31:40]} cxd4 {[%clk 1:31:35]} 4. Nxd4 {[%clk 1:32:07]}
g6 {[%clk 1:32:03]} 5. Nc3 {[%clk 1:32:34]} Bg7 {[%clk 1:32:24]} 6. Be3 {[%clk
1:33:01]} Nf6 {[%clk 1:32:45]} 7. Nxc6 {[%clk 1:33:14]} bxc6 {[%clk 1:33:08]} 8.
e5 {[%clk 1:33:41]} Ng8 {[%clk 1:33:33]} 9. Bd4 {[%clk 1:34:08]} f6 {[%clk
1:33:34]} 10. Qe2 {[%clk 1:34:29]} fxe5 {[%clk 1:32:50]} 11. Bxe5 {[%clk
1:34:12]} Nf6 {[%clk 1:33:12]} 12. O-O-O {[%clk 1:34:01]} O-O {[%clk 1:31:26]}
13. f3 {[%clk 1:27:23]} Qa5 {[%clk 1:29:25]} 14. Bd4 {[%clk 1:26:16]} Rf7 {[%clk
1:24:06]} 15. Qc4 {[%clk 1:08:32]} e5 {[%clk 1:13:50]} 16. Qc5 {[%clk 1:08:13]}
Qxc5 {[%clk 1:13:24]} 17. Bxc5 {[%clk 1:07:26]} d5 {[%clk 1:13:44]} 18. Bd3
{[%clk 1:07:32]} Bf5 {[%clk 1:09:16]} 19. Rhe1 {[%clk 1:05:06]} Re8 {[%clk
1:06:32]} 20. Bd6 {[%clk 0:43:09]} Nd7 {[%clk 1:02:38]} 21. Na4 {[%clk 0:35:44]}
Bh6+ {[%clk 0:58:13]} 22. Kb1 {[%clk 0:36:05]} Bf8 {[%clk 0:58:08]} 23. Bxf8
{[%clk 0:35:58]} Kxf8 {[%clk 0:58:10]} 24. b3 {[%clk 0:30:24]} h5 {[%clk
0:51:12]} 25. Rd2 {[%clk 0:21:28]} Rfe7 {[%clk 0:48:20]} 26. Nc3 {[%clk 0:19:33]}
Nc5 {[%clk 0:42:43]} 27. Kc1 {[%clk 0:14:42]} a5 {[%clk 0:38:31]} 28. Nd1 {[%clk
0:09:53]} Kf7 {[%clk 0:34:07]} 29. Nf2 {[%clk 0:07:52]} Kf6 {[%clk 0:32:13]} 30.
Rde2 {[%clk 0:06:27]} Rb8 {[%clk 0:25:44]} 31. Kd2 {[%clk 0:06:34]} Rb4 {[%clk
0:24:55]} 32. c3 {[%clk 0:06:21]} Rb8 {[%clk 0:23:56]} 33. Bc2 {[%clk 0:04:33]}
Rd8 {[%clk 0:24:21]} 34. Nd3 {[%clk 0:03:41]} Nxd3 {[%clk 0:17:56]} 35. Bxd3
{[%clk 0:04:09]} c5 {[%clk 0:18:19]} 36. h4 {[%clk 0:02:27]} Rb8 {[%clk 0:14:02]}
37. Kc2 {[%clk 0:01:53]} Rbb7 {[%clk 0:12:54]} 38. Rd1 {[%clk 0:01:56]} e4 {[%clk
0:10:54]} 39. fxe4 {[%clk 0:02:20]} dxe4 {[%clk 0:08:42]} 40. Bc4 {[%clk
0:32:42]} e3+ {[%clk 0:38:07]} 41. Kc1 {[%clk 0:31:15]} Bg4 {[%clk 0:38:11]} 42.
Rf1+ {[%clk 0:31:28]} Kg7 {[%clk 0:38:38]} 43. Ree1 {[%clk 0:31:21]} e2 {[%clk
0:30:15]} 44. Rf2 {[%clk 0:30:06]} Rb6 {[%clk 0:29:14]} 45. Bd5 {[%clk 0:23:30]}
Rd6 {[%clk 0:25:21]} 46. Bf3 {[%clk 0:16:22]} Bxf3 {[%clk 0:23:36]} 47. Rxf3
{[%clk 0:16:17]} Re4 {[%clk 0:23:58]} 1/2-1/2

[Event "Irena Warakomska Memorial A"]
[Site "Suwalki"]
[Date "2018.08.08"]
[Round "9"]
[White "Budrewicz, Krzysztof"]
[Black "Yevseev, Denis"]
[Result "1/2-1/2"]
[Board "19"]
[WhiteElo "2203"]
[WhiteCountry "POL"]
[WhiteFideId "1127950"]
[WhiteEloChange "7"]
[BlackElo "2513"]
[BlackTitle "GM"]
[BlackCountry "RUS"]
[BlackFideId "4126378"]
[BlackEloChange "-4"]

1. d4 {[%clk 1:30:55]} d5 {[%clk 1:30:50]} 2. c4 {[%clk 1:31:13]} c6 {[%clk
1:31:14]} 3. Nc3 {[%clk 1:31:16]} Nf6 {[%clk 1:31:34]} 4. Nf3 {[%clk 1:31:22]} e6
{[%clk 1:31:49]} 5. e3 {[%clk 1:29:58]} Nbd7 {[%clk 1:32:02]} 6. b3 {[%clk
1:29:33]} Bb4 {[%clk 1:23:36]} 7. Bd2 {[%clk 1:29:37]} O-O {[%clk 1:23:09]} 8.
Qc2 {[%clk 1:27:58]} Qe7 {[%clk 1:19:58]} 9. Be2 {[%clk 1:10:29]} b6 {[%clk
1:06:48]} 10. O-O {[%clk 1:08:35]} Bb7 {[%clk 1:07:01]} 11. Rfd1 {[%clk 1:04:43]}
Rac8 {[%clk 1:05:30]} 12. a3 {[%clk 0:57:53]} Bd6 {[%clk 1:03:33]} 13. e4 {[%clk
0:54:20]} e5 {[%clk 0:57:28]} 14. Bg5 {[%clk 0:47:32]} h6 {[%clk 0:39:42]} 15.
Bh4 {[%clk 0:44:57]} Bb8 {[%clk 0:38:11]} 16. dxe5 {[%clk 0:40:04]} Nxe5 {[%clk
0:38:32]} 17. Nd4 {[%clk 0:38:54]} dxc4 {[%clk 0:34:28]} 18. bxc4 {[%clk
0:32:46]} Ng6 {[%clk 0:33:26]} 19. Nf5 {[%clk 0:30:44]} Qe6 {[%clk 0:29:44]} 20.
Nd4 {[%clk 0:30:15]} Qe5 {[%clk 0:25:31]} 21. Bg3 {[%clk 0:25:52]} Nf4 {[%clk
0:22:15]} 22. Bf1 {[%clk 0:23:38]} Rfe8 {[%clk 0:15:34]} 23. f3 {[%clk 0:22:18]}
Rcd8 {[%clk 0:13:56]} 24. Nde2 {[%clk 0:22:16]} Nxe2+ {[%clk 0:13:21]} 25. Nxe2
{[%clk 0:08:21]} Qc5+ {[%clk 0:13:21]} 26. Kh1 {[%clk 0:20:53]} Rxd1 {[%clk
0:06:47]} 27. Qxd1 {[%clk 0:21:10]} Bxg3 {[%clk 0:06:39]} 28. Nxg3 {[%clk
0:20:48]} Bc8 {[%clk 0:06:42]} 29. Qa4 {[%clk 0:17:12]} a5 {[%clk 0:06:30]} 30.
Rd1 {[%clk 0:16:11]} h5 {[%clk 0:05:34]} 31. Qb3 {[%clk 0:15:53]} h4 {[%clk
0:04:42]} 32. Ne2 {[%clk 0:15:46]} h3 {[%clk 0:02:27]} 33. gxh3 {[%clk 0:15:46]}
b5 {[%clk 0:02:27]} 34. cxb5 {[%clk 0:14:11]} cxb5 {[%clk 0:02:54]} 35. Nf4
{[%clk 0:14:14]} a4 {[%clk 0:02:25]} 36. Qxb5 {[%clk 0:07:34]} Qe3 {[%clk
0:01:58]} 37. Ne2 {[%clk 0:07:38]} Qxf3+ {[%clk 0:01:22]} 38. Bg2 {[%clk
0:08:03]} Qe3 {[%clk 0:01:12]} 39. Ng3 {[%clk 0:07:52]} Bxh3 {[%clk 0:01:03]} 40.
Qxa4 {[%clk 0:37:43]} Bxg2+ {[%clk 0:30:50]} 41. Kxg2 {[%clk 0:38:09]} Rc8 {[%clk
0:26:38]} 42. e5 {[%clk 0:27:50]} Qxe5 {[%clk 0:25:40]} 43. Qd4 {[%clk 0:26:23]}
Qe6 {[%clk 0:20:35]} 44. Rd2 {[%clk 0:26:22]} Rc4 {[%clk 0:10:50]} 45. Qd8+
{[%clk 0:26:21]} Kh7 {[%clk 0:11:14]} 46. Qd3+ {[%clk 0:26:47]} g6 {[%clk
0:11:15]} 47. Re2 {[%clk 0:26:06]} Qc8 {[%clk 0:06:47]} 48. Qf3 {[%clk 0:26:01]}
Kg7 {[%clk 0:06:47]} 49. Ne4 {[%clk 0:25:00]} Nxe4 {[%clk 0:03:48]} 50. Rxe4
{[%clk 0:25:02]} Rc3 {[%clk 0:04:16]} 51. Re3 {[%clk 0:24:43]} Rc5 {[%clk
0:04:41]} 52. Qe4 {[%clk 0:22:41]} Qd8 {[%clk 0:04:44]} 53. h4 {[%clk 0:20:24]}
Qd1 {[%clk 0:04:13]} 54. Rf3 {[%clk 0:19:00]} Qd6 {[%clk 0:01:26]} 55. Qf4 {[%clk
0:16:57]} Qd5 {[%clk 0:01:32]} 56. Kg3 {[%clk 0:16:27]} Rc6 {[%clk 0:00:53]} 57.
a4 {[%clk 0:15:55]} f5 {[%clk 0:00:45]} 58. Re3 {[%clk 0:13:26]} Rc4 {[%clk
0:00:56]} 59. Qe5+ {[%clk 0:12:35]} Qxe5+ {[%clk 0:01:20]} 60. Rxe5 {[%clk
0:13:04]} Rg4+ {[%clk 0:01:35]} 61. Kh3 {[%clk 0:13:20]} Rxa4 {[%clk 0:01:57]}
62. Re3 {[%clk 0:12:19]} Kh6 {[%clk 0:02:11]} 63. Rg3 {[%clk 0:12:33]} Re4 {[%clk
0:01:34]} 64. Rg5 {[%clk 0:12:28]} Re3+ {[%clk 0:01:15]} 65. Kg2 {[%clk 0:12:40]}
Rb3 {[%clk 0:01:21]} 66. Kh2 {[%clk 0:13:03]} Ra3 {[%clk 0:01:28]} 67. Kg2 {[%clk
0:13:28]} Rd3 {[%clk 0:01:56]} 68. Kh2 {[%clk 0:13:53]} Rd2+ {[%clk 0:00:42]} 69.
Kg3 {[%clk 0:14:11]} Rd1 {[%clk 0:01:09]} 70. Kg2 {[%clk 0:14:35]} Rd3 {[%clk
0:00:47]} 71. Kh2 {[%clk 0:14:59]} Rd4 {[%clk 0:00:43]} 72. Kg3 {[%clk 0:15:20]}
Rd3+ {[%clk 0:00:42]} 73. Kg2 {[%clk 0:15:43]} Rb3 {[%clk 0:01:08]} 74. Kh2
{[%clk 0:16:08]} f4 {[%clk 0:00:41]} 75. Kg2 {[%clk 0:16:33]} Rc3 {[%clk
0:00:55]} 76. Rg4 {[%clk 0:15:25]} Rg3+ {[%clk 0:01:17]} 1/2-1/2

[Event "Irena Warakomska Memorial A"]
[Site "Suwalki"]
[Date "2018.08.08"]
[Round "9"]
[White "Kokoszczynski, Jan"]
[Black "Kashlinskaya, Alina"]
[Result "0-1"]
[Board "20"]
[WhiteElo "2111"]
[WhiteCountry "POL"]
[WhiteFideId "1174460"]
[WhiteEloChange "-3"]
[BlackElo "2435"]
[BlackTitle "IM"]
[BlackCountry "RUS"]
[BlackFideId "4198026"]
[BlackEloChange "1"]

1. e4 {[%clk 1:30:55]} e6 {[%clk 1:30:30]} 2. d4 {[%clk 1:30:44]} d5 {[%clk
1:31:20]} 3. Nd2 {[%clk 1:27:14]} c5 {[%clk 1:31:43]} 4. exd5 {[%clk 1:26:56]}
exd5 {[%clk 1:32:03]} 5. Ngf3 {[%clk 1:25:37]} Nc6 {[%clk 1:32:26]} 6. Bb5 {[%clk
1:24:29]} Qe7+ {[%clk 1:32:44]} 7. Be2 {[%clk 1:23:30]} Qc7 {[%clk 1:33:08]} 8.
O-O {[%clk 1:23:53]} Nf6 {[%clk 1:33:31]} 9. Re1 {[%clk 1:22:55]} Be6 {[%clk
1:33:52]} 10. dxc5 {[%clk 1:10:06]} Bxc5 {[%clk 1:33:43]} 11. Nb3 {[%clk
1:10:04]} Bb6 {[%clk 1:32:59]} 12. c3 {[%clk 1:07:52]} O-O {[%clk 1:31:43]} 13.
Nbd4 {[%clk 1:07:50]} Rae8 {[%clk 1:28:19]} 14. h3 {[%clk 0:54:49]} a6 {[%clk
1:10:44]} 15. Bd3 {[%clk 0:49:52]} Bc8 {[%clk 1:10:00]} 16. Rxe8 {[%clk 0:41:43]}
Rxe8 {[%clk 1:10:20]} 17. Be3 {[%clk 0:42:11]} Ba7 {[%clk 1:02:23]} 18. Qc2
{[%clk 0:29:43]} Ne4 {[%clk 0:56:13]} 19. c4 {[%clk 0:25:12]} Nb4 {[%clk
0:49:27]} 20. Qa4 {[%clk 0:24:12]} Qe7 {[%clk 0:49:36]} 21. Bf1 {[%clk 0:17:54]}
dxc4 {[%clk 0:45:57]} 22. Qd1 {[%clk 0:07:52]} b5 {[%clk 0:37:07]} 23. a3 {[%clk
0:05:47]} Bxd4 {[%clk 0:37:27]} 24. Bxd4 {[%clk 0:05:45]} Nc6 {[%clk 0:37:34]}
25. Be3 {[%clk 0:05:32]} h6 {[%clk 0:33:04]} 26. a4 {[%clk 0:05:34]} Rd8 {[%clk
0:28:57]} 27. Qc1 {[%clk 0:05:53]} Nc5 {[%clk 0:19:09]} 28. axb5 {[%clk 0:05:15]}
axb5 {[%clk 0:18:49]} 29. Qc3 {[%clk 0:02:12]} Na4 {[%clk 0:12:37]} 30. Rxa4
{[%clk 0:01:03]} bxa4 {[%clk 0:13:03]} 31. Qxc4 {[%clk 0:01:33]} Ne5 {[%clk
0:11:02]} 32. Nxe5 {[%clk 0:02:17]} Qxe5 {[%clk 0:11:30]} 33. Qxa4 {[%clk
0:02:41]} Qxb2 {[%clk 0:11:28]} 34. Bc4 {[%clk 0:01:14]} Bb7 {[%clk 0:10:06]} 35.
Qb3 {[%clk 0:00:51]} Qa1+ {[%clk 0:09:47]} 36. Kh2 {[%clk 0:01:19]} Qe5+ {[%clk
0:10:09]} 37. Kg1 {[%clk 0:00:58]} Bd5 {[%clk 0:06:51]} 38. Bxd5 {[%clk 0:00:45]}
Rxd5 {[%clk 0:07:12]} 39. Qc2 {[%clk 0:00:46]} Ra5 {[%clk 0:05:57]} 40. Qc8+
{[%clk 0:30:43]} Kh7 {[%clk 0:36:21]} 41. Qc2+ {[%clk 0:26:14]} f5 {[%clk
0:27:57]} 42. Bc1 {[%clk 0:17:19]} Ra1 {[%clk 0:28:04]} 43. g3 {[%clk 0:17:46]}
Qe1+ {[%clk 0:19:40]} 44. Kg2 {[%clk 0:18:11]} Rxc1 {[%clk 0:19:52]} 45. Qxf5+
{[%clk 0:18:35]} Kg8 {[%clk 0:20:19]} 46. Qd5+ {[%clk 0:19:01]} Kh8 {[%clk
0:19:04]} 47. Qd8+ {[%clk 0:19:18]} Kh7 {[%clk 0:19:30]} 48. Qd3+ {[%clk
0:19:45]} g6 {[%clk 0:18:26]} 49. Qd7+ {[%clk 0:20:08]} Kg8 {[%clk 0:18:51]} 50.
Qd5+ {[%clk 0:19:49]} Kf8 {[%clk 0:18:47]} 51. Qd6+ {[%clk 0:17:23]} Kf7 {[%clk
0:19:07]} 52. Qd5+ {[%clk 0:16:28]} Qe6 {[%clk 0:19:05]} 53. Qb7+ {[%clk
0:16:38]} Ke8 {[%clk 0:19:19]} 0-1

[Event "Irena Warakomska Memorial A"]
[Site "Suwalki"]
[Date "2018.08.08"]
[Round "9"]
[White "Paszewski, Mateusz"]
[Black "Punin, Andrii"]
[Result "1/2-1/2"]
[Board "21"]
[WhiteElo "2293"]
[WhiteTitle "FM"]
[WhiteCountry "POL"]
[WhiteFideId "1141058"]
[BlackElo "2296"]
[BlackTitle "FM"]
[BlackCountry "UKR"]
[BlackFideId "14112639"]

1. e4 {[%clk 1:30:02]} c6 {[%clk 1:30:58]} 2. d4 {[%clk 1:30:28]} d5 {[%clk
1:31:24]} 3. exd5 {[%clk 1:30:55]} cxd5 {[%clk 1:31:48]} 4. Bd3 {[%clk 1:31:24]}
Nc6 {[%clk 1:32:11]} 5. c3 {[%clk 1:31:51]} Qc7 {[%clk 1:32:34]} 6. Ne2 {[%clk
1:32:18]} Bg4 {[%clk 1:32:57]} 7. O-O {[%clk 1:32:41]} Bh5 {[%clk 1:33:23]} 8. f4
{[%clk 1:33:07]} e6 {[%clk 1:33:29]} 9. Qe1 {[%clk 1:32:39]} Bd6 {[%clk 1:30:49]}
10. Ng3 {[%clk 1:32:49]} Nf6 {[%clk 1:30:44]} 11. Nxh5 {[%clk 1:31:53]} Nxh5
{[%clk 1:31:38]} 12. g3 {[%clk 1:32:18]} g6 {[%clk 1:30:08]} 13. Nd2 {[%clk
1:31:41]} O-O {[%clk 1:28:43]} 14. Nf3 {[%clk 1:31:08]} Rae8 {[%clk 1:29:06]} 15.
Bd2 {[%clk 1:24:03]} f5 {[%clk 1:26:52]} 16. Qe2 {[%clk 1:16:09]} Nf6 {[%clk
1:26:37]} 17. Rac1 {[%clk 1:14:17]} Qb6 {[%clk 1:23:47]} 18. Be3 {[%clk 1:07:27]}
Ng4 {[%clk 1:18:57]} 19. Bf2 {[%clk 0:59:08]} Re7 {[%clk 1:12:34]} 20. Kg2 {[%clk
0:51:08]} Rfe8 {[%clk 1:10:01]} 21. h3 {[%clk 0:44:13]} Nxf2 {[%clk 1:07:15]} 22.
Rxf2 {[%clk 0:38:22]} h6 {[%clk 1:07:02]} 23. h4 {[%clk 0:36:33]} h5 {[%clk
1:02:30]} 24. Bb5 {[%clk 0:33:13]} a6 {[%clk 0:59:34]} 25. Bxc6 {[%clk 0:31:49]}
bxc6 {[%clk 0:59:47]} 26. b4 {[%clk 0:31:15]} a5 {[%clk 0:58:37]} 27. a3 {[%clk
0:31:38]} Ra7 {[%clk 0:57:36]} 28. Qe1 {[%clk 0:27:48]} Bf8 {[%clk 0:56:58]} 29.
Re2 {[%clk 0:27:11]} Rae7 {[%clk 0:57:21]} 30. Qd2 {[%clk 0:26:10]} Bg7 {[%clk
0:56:15]} 31. Ne1 {[%clk 0:22:50]} axb4 {[%clk 0:50:52]} 32. axb4 {[%clk
0:23:14]} Ra7 {[%clk 0:51:17]} 33. Nd3 {[%clk 0:12:38]} Qb5 {[%clk 0:51:34]} 34.
Nc5 {[%clk 0:11:51]} Qc4 {[%clk 0:50:31]} 35. Rc2 {[%clk 0:06:09]} Ra1 {[%clk
0:46:51]} 36. Qd3 {[%clk 0:03:49]} Qxd3 {[%clk 0:46:43]} 37. Nxd3 {[%clk
0:04:18]} Kf7 {[%clk 0:47:03]} 38. Nc5 {[%clk 0:01:05]} Ra3 {[%clk 0:44:40]} 39.
Kf1 {[%clk 0:00:41]} Bf8 {[%clk 0:44:38]} 40. Nd3 {[%clk 0:30:47]} Bd6 {[%clk
1:14:52]} 41. Re1 {[%clk 0:27:45]} Rea8 {[%clk 1:14:34]} 42. Ke2 {[%clk 0:26:54]}
Ra2 {[%clk 1:14:25]} 43. Rc1 {[%clk 0:25:43]} Ke7 {[%clk 1:12:43]} 44. Kd2 {[%clk
0:25:22]} 1/2-1/2

[Event "Irena Warakomska Memorial A"]
[Site "Suwalki"]
[Date "2018.08.08"]
[Round "9"]
[White "Debarshi, Mukherjee"]
[Black "Fiedorek, Michal"]
[Result "1-0"]
[Board "22"]
[WhiteElo "2292"]
[WhiteCountry "IND"]
[WhiteFideId "5007291"]
[WhiteEloChange "4"]
[BlackElo "2066"]
[BlackCountry "POL"]
[BlackFideId "1199528"]
[BlackEloChange "-4"]

1. d4 {[%clk 1:28:40]} d5 {[%clk 1:30:50]} 2. c4 {[%clk 1:28:39]} e6 {[%clk
1:31:12]} 3. Nf3 {[%clk 1:28:26]} Nf6 {[%clk 1:31:27]} 4. g3 {[%clk 1:28:51]} Be7
{[%clk 1:31:50]} 5. Bg2 {[%clk 1:29:15]} O-O {[%clk 1:31:58]} 6. O-O {[%clk
1:29:39]} dxc4 {[%clk 1:32:21]} 7. Qc2 {[%clk 1:27:54]} c6 {[%clk 1:32:42]} 8.
Qxc4 {[%clk 1:27:17]} b5 {[%clk 1:32:59]} 9. Qc2 {[%clk 1:27:04]} Bb7 {[%clk
1:33:17]} 10. Bg5 {[%clk 1:24:03]} h6 {[%clk 1:29:02]} 11. Bxf6 {[%clk 1:22:38]}
Bxf6 {[%clk 1:29:25]} 12. Rd1 {[%clk 1:18:32]} Qb6 {[%clk 1:21:41]} 13. Nbd2
{[%clk 0:59:55]} Rd8 {[%clk 1:15:03]} 14. Nb3 {[%clk 0:50:47]} Na6 {[%clk
1:10:13]} 15. Rac1 {[%clk 0:47:47]} Rac8 {[%clk 1:06:13]} 16. Rd2 {[%clk
0:40:52]} Be7 {[%clk 0:58:55]} 17. Ne5 {[%clk 0:24:37]} Bb4 {[%clk 0:52:09]} 18.
Rdd1 {[%clk 0:24:39]} Bd6 {[%clk 0:49:33]} 19. Nd3 {[%clk 0:24:13]} Nb4 {[%clk
0:35:19]} 20. Nxb4 {[%clk 0:23:44]} Bxb4 {[%clk 0:35:44]} 21. e3 {[%clk 0:23:31]}
Be7 {[%clk 0:34:12]} 22. Nc5 {[%clk 0:21:01]} Ba8 {[%clk 0:33:21]} 23. b4 {[%clk
0:21:23]} Bf6 {[%clk 0:33:19]} 24. f4 {[%clk 0:21:32]} Rc7 {[%clk 0:32:49]} 25.
Nb3 {[%clk 0:20:28]} Be7 {[%clk 0:32:43]} 26. a3 {[%clk 0:20:33]} Rd6 {[%clk
0:32:46]} 27. Qf2 {[%clk 0:20:12]} Bf8 {[%clk 0:32:43]} 28. Rc3 {[%clk 0:18:18]}
Qa6 {[%clk 0:32:17]} 29. Na5 {[%clk 0:18:28]} Qb6 {[%clk 0:32:23]} 30. Rdc1
{[%clk 0:18:49]} Qa6 {[%clk 0:32:01]} 31. Bf3 {[%clk 0:17:49]} Be7 {[%clk
0:32:13]} 32. Qg2 {[%clk 0:13:50]} Bd8 {[%clk 0:26:26]} 33. Bxc6 {[%clk 0:13:47]}
Bxc6 {[%clk 0:26:10]} 34. Rxc6 {[%clk 0:14:15]} Rdxc6 {[%clk 0:26:21]} 35. Rxc6
{[%clk 0:14:38]} Rxc6 {[%clk 0:26:32]} 36. Qxc6 {[%clk 0:15:01]} Qxc6 {[%clk
0:26:55]} 37. Nxc6 {[%clk 0:15:29]} Bb6 {[%clk 0:27:15]} 38. Ne7+ {[%clk
0:15:56]} Kf8 {[%clk 0:27:37]} 39. Nc8 {[%clk 0:16:22]} f5 {[%clk 0:25:06]} 40.
Kf2 {[%clk 0:46:33]} g6 {[%clk 0:55:16]} 41. Ke2 {[%clk 0:46:52]} Kg7 {[%clk
0:55:29]} 42. Kd3 {[%clk 0:46:47]} Kf6 {[%clk 0:55:52]} 43. h4 {[%clk 0:42:24]}
h5 {[%clk 0:55:22]} 44. Kc3 {[%clk 0:42:41]} Kg7 {[%clk 0:55:42]} 45. Kb3 {[%clk
0:43:05]} Kf6 {[%clk 0:55:55]} 46. a4 {[%clk 0:43:16]} 1-0

[Event "Irena Warakomska Memorial A"]
[Site "Suwalki"]
[Date "2018.08.08"]
[Round "9"]
[White "Szustakowski, Antoni"]
[Black "Chylewski, Patryk"]
[Result "1/2-1/2"]
[Board "23"]
[WhiteElo "2330"]
[WhiteTitle "FM"]
[WhiteCountry "POL"]
[WhiteFideId "1167677"]
[BlackElo "2335"]
[BlackTitle "FM"]
[BlackCountry "POL"]
[BlackFideId "1186191"]

1. e4 {[%clk 1:30:30]} e5 {[%clk 1:29:41]} 2. Nf3 {[%clk 1:31:10]} Nc6 {[%clk
1:29:56]} 3. Bc4 {[%clk 1:31:30]} Bc5 {[%clk 1:29:44]} 4. c3 {[%clk 1:31:50]} Nf6
{[%clk 1:27:30]} 5. d4 {[%clk 1:30:37]} exd4 {[%clk 1:27:27]} 6. cxd4 {[%clk
1:30:51]} Bb4+ {[%clk 1:27:22]} 7. Nbd2 {[%clk 1:30:58]} Nxe4 {[%clk 1:23:55]} 8.
d5 {[%clk 1:31:11]} Ne7 {[%clk 1:22:10]} 9. O-O {[%clk 1:31:29]} Nxd2 {[%clk
1:21:18]} 10. Bxd2 {[%clk 1:31:35]} Bxd2 {[%clk 1:21:01]} 11. d6 {[%clk 1:10:23]}
cxd6 {[%clk 1:07:43]} 12. Qxd2 {[%clk 1:10:39]} d5 {[%clk 1:04:07]} 13. Bxd5
{[%clk 1:09:59]} O-O {[%clk 1:02:55]} 14. Rad1 {[%clk 0:51:13]} Nxd5 {[%clk
0:54:32]} 15. Qxd5 {[%clk 0:51:17]} d6 {[%clk 0:53:34]} 16. Qxd6 {[%clk 0:50:37]}
Qxd6 {[%clk 0:53:04]} 17. Rxd6 {[%clk 0:50:58]} Be6 {[%clk 0:52:54]} 18. b3
{[%clk 0:51:07]} Rfd8 {[%clk 0:52:27]} 19. Rd4 {[%clk 0:46:54]} Rxd4 {[%clk
0:50:52]} 20. Nxd4 {[%clk 0:47:18]} Rd8 {[%clk 0:50:46]} 21. Nxe6 {[%clk
0:47:26]} fxe6 {[%clk 0:51:11]} 22. Rc1 {[%clk 0:47:27]} Rd2 {[%clk 0:50:44]} 23.
Rc8+ {[%clk 0:47:16]} Kf7 {[%clk 0:51:08]} 24. Rc7+ {[%clk 0:47:41]} Kf6 {[%clk
0:51:16]} 25. f3 {[%clk 0:47:31]} Rxa2 {[%clk 0:51:21]} 26. Rxb7 {[%clk 0:47:54]}
Rb2 {[%clk 0:51:20]} 27. Rxa7 {[%clk 0:47:52]} Rxb3 {[%clk 0:51:43]} 1/2-1/2